000 01393nam a2200337 i 4500
003 EG-GICUC
005 20260121101157.0
008 251109b1970 ua ||||f |||| 00| 0 ara d
040 _a EG-GICUC
_c EG-GICUC
_d EG-GICUC
_erda
_bara
041 _aara
082 0 4 _221
_a 345.25064
_bإ ب . ت
092 0 4 _221
099 _aLaw1 07 345.25064 إ ب . ت 1970
100 0 _aإبراهيم عباس عطية
_eمؤلف.
245 _aالتنمية القومية والمشاركة في الحكم المحلي بالمغرب /
_cإعداد إبراهيم عباس عطية.
264 _aالقاهرة :
_bجامعة الدول العربية-المنظمة العربية للعلوم الإدارية، مركز البحوث الإدارية،
_c1970.
300 _a49 صفحة ؛
_c24 سم.
336 _2rda content
_atext
337 _2rda media
_aComputer
338 _2rda carrier
_aOnline Resource
490 _v48
504 _aيشتمل على إرجاعات ببليوجرافية
546 _aالنص باللغة العربية
650 1 _2qrmak
_aالحكم المحلي
_zالمغرب
650 1 _2qrmak
_aالتنمية المحلية
_zالمغرب
650 1 _2qrmak
_aالمشاركة الشعبية
_zالمغرب
830 _0
856 4 0 _uhttps://fll.law.cu.edu.eg/fulltext/bks/B07-00136.pdf
905 _aWesam Mahmoud
942 _2ddc
_n0
_cBK
_e21
999 _c41783
_d41783